MARC

Tag First Indicator Second Indicator Subfields
LEADER 00000cas a22000001 4500
001 in00000049320
008 771129c19729999nyuar 1 a0eng c
005 20250424203104.7
010 |a  78132873  
012 |a 3  |b 3  |e n  |i 8412  |j 1  |l 1 
016 7 |a 007873804  |2 Uk 
019 |a 576786  |a 2872325  |a 9877667  |a 926192997  |a 990593121  |a 1011849072  |a 1064503797  |a 1069367092  |a 1242849948  |a 1246496649 
022 0 |a 0149-144X  |l 0149-144X  |2 1 
029 1 |a AU@  |b 000001169004 
029 1 |a AU@  |b 000024992220 
029 1 |a NLGGC  |b 053715446 
029 1 |a NZ1  |b 13240248 
029 1 |a NZ1  |b 3260077 
029 1 |a UKMGB  |b 007873804 
029 1 |a YDXCP  |b 1455840 
029 1 |a YDXCP  |b 1564066 
029 1 |a YDXCP  |b 1685122 
029 1 |a YDXCP  |b 1773134 
029 1 |a YDXCP  |b 2010485 
029 1 |a YDXCP  |b 2010486 
029 1 |a YDXCP  |b 2199933 
029 1 |a ZWZ  |b 039096033 
035 |a (OCoLC)ocm03451180 
035 |a (OCoLC)3451180  |z (OCoLC)576786  |z (OCoLC)2872325  |z (OCoLC)9877667  |z (OCoLC)926192997  |z (OCoLC)990593121  |z (OCoLC)1011849072  |z (OCoLC)1064503797  |z (OCoLC)1069367092  |z (OCoLC)1242849948  |z (OCoLC)1246496649 
035 |a (OCoLC)ocm03451180 
037 |b Order Dept. of IEEE, 345 E. 47th St., New York, NY 10017 
040 |a NSD  |b eng  |c NSD  |d DLC  |d OCL  |d DLC  |d NSD  |d OCL  |d AIP  |d NST  |d AIP  |d NSD  |d NST  |d OCL  |d NST  |d NSD  |d MYG  |d DLC  |d OCLCQ  |d CUI  |d MYG  |d AMAZN  |d OCLCQ  |d UKMGB  |d OCLCF  |d OCLCO  |d OCL  |d OCLCO  |d OCLCA  |d DLC  |d OCLCQ  |d U3G  |d NJR  |d ORE  |d NBS 
042 |a nsdp  |a pcc 
050 0 0 |a TS173  |b .R43 
111 2 |a Reliability and Maintainability Symposium. 
210 0 |a Proc. annu. Reliab. Maintainab. Symp. 
222 0 |a Proceedings. Annual Reliability and Maintainability Symposium 
245 1 0 |a Proceedings, annual Reliability and Maintainability Symposium. 
246 1 0 |a Proceedings 
246 1 4 |a Annals of assurance sciences; proceedings  |f 1972- 
264 1 |a [New York] :  |b [Institute of Electrical and Electronics Engineers] 
300 |a volumes :  |b illustrations ;  |c 28 cm 
310 |a Annual 
336 |a text  |b txt  |2 rdacontent 
337 |a unmediated  |b n  |2 rdamedia 
338 |a volume  |b nc  |2 rdacarrier 
362 0 |a 1972- 
550 |a Symposia for 1972- sponsored by the American Institute of Industrial Engineers and other similar bodies. 
650 0 |a Reliability (Engineering)  |v Congresses. 
650 0 |a Maintainability (Engineering)  |v Congresses. 
650 7 |a Maintainability (Engineering)  |2 fast  |0 (OCoLC)fst01006137 
650 7 |a Reliability (Engineering)  |2 fast  |0 (OCoLC)fst01093646 
655 7 |a Conference papers and proceedings.  |2 fast  |0 (OCoLC)fst01423772 
655 7 |a Conference papers and proceedings.  |2 lcgft  |0 https://id.loc.gov/authorities/genreForms/gf2014026068 
710 2 |a Institute of Electrical and Electronics Engineers. 
710 2 |a American Institute of Industrial Engineers. 
711 2 |a Reliability and Maintainability Symposium.  |t Annals of assurance sciences; proceedings. 
776 0 8 |i Online version:  |a Reliability and Maintainability Symposium.  |t Proceedings, annual Reliability and Maintainability Symposium  |x 2577-0993  |w (DLC) 2018200099  |w (OCoLC)61147453 
780 0 0 |a Symposium on Reliability.  |t Proceedings ... annual Symposium on Reliability  |x 0082-092X  |w (DLC) 67000228  |w (OCoLC)12158768 
850 |a CLSU  |a CaMWU  |a CaOPAL  |a CoU  |a DLC  |a FU  |a IaAS  |a LU  |a MiDW  |a NcD  |a NcRS  |a NjR  |a NmU  |a OCU  |a PU  |a TxArU  |a UU  |a ViBlbV  |a VtU 
936 |a 1977 
938 |a AMAZON  |b AMZN  |n B0035ER2DQ 
948 |h HELD BY TXA - 319 OTHER HOLDINGS 
994 |a Z0  |b TXA 
999 f f |s ee427c10-8d51-37a0-8422-590b098fa43a  |i bedaea8e-a2ee-3ae4-a639-d9b343b4d5d4  |t 0 
952 f f |p normal  |a Texas A&M University  |b College Station  |c Sterling C. Evans Library  |d Evans: Library Stacks  |t 0  |e TS173 .R43  |h Library of Congress classification  |i unmediated -- volume  |k 2002  |m A14828614715 
952 f f |p normal  |a Texas A&M University  |b College Station  |c Sterling C. Evans Library  |d Evans: Library Stacks  |t 0  |e TS173 .R43  |h Library of Congress classification  |i unmediated -- volume  |j 2000  |k 2000  |m A14826018581 
952 f f |p normal  |a Texas A&M University  |b College Station  |c Sterling C. Evans Library  |d Evans: Library Stacks  |t 0  |e TS173 .R43  |h Library of Congress classification  |i unmediated -- volume  |k 1981  |m A14808195107 
952 f f |p normal  |a Texas A&M University  |b College Station  |c Sterling C. Evans Library  |d Evans: Library Stacks  |t 0  |e TS173 .R43  |h Library of Congress classification  |i unmediated -- volume  |k 1987  |m A14810730303 
952 f f |p normal  |a Texas A&M University  |b College Station  |c Sterling C. Evans Library  |d Evans: Library Stacks  |t 0  |e TS173 .R43  |h Library of Congress classification  |i unmediated -- volume  |k 1975  |m A14807261476 
952 f f |p normal  |a Texas A&M University  |b College Station  |c Sterling C. Evans Library  |d Evans: Library Stacks  |t 0  |e TS173 .R43  |h Library of Congress classification  |i unmediated -- volume  |k 1974  |m A14806469186 
952 f f |p normal  |a Texas A&M University  |b College Station  |c Sterling C. Evans Library  |d Evans: Library Stacks  |t 0  |e TS173 .R43  |h Library of Congress classification  |i unmediated -- volume  |k 1976  |m A14806470292 
952 f f |p normal  |a Texas A&M University  |b College Station  |c Sterling C. Evans Library  |d Evans: Library Stacks  |t 0  |e TS173 .R43  |h Library of Congress classification  |i unmediated -- volume  |k 1988  |m A14811299326 
952 f f |p normal  |a Texas A&M University  |b College Station  |c Sterling C. Evans Library  |d Evans: Library Stacks  |t 0  |e TS173 .R43  |h Library of Congress classification  |i unmediated -- volume  |k 1991  |m A14816564263 
952 f f |p normal  |a Texas A&M University  |b College Station  |c Sterling C. Evans Library  |d Evans: Library Stacks  |t 0  |e TS173 .R43  |h Library of Congress classification  |i unmediated -- volume  |k 1976 c.2  |m A14813738229 
952 f f |p normal  |a Texas A&M University  |b College Station  |c Sterling C. Evans Library  |d Evans: Library Stacks  |t 0  |e TS173 .R43  |h Library of Congress classification  |i unmediated -- volume  |k 1995  |m A14820002833 
952 f f |p normal  |a Texas A&M University  |b College Station  |c Sterling C. Evans Library  |d Evans: Library Stacks  |t 0  |e TS173 .R43  |h Library of Congress classification  |i unmediated -- volume  |k 1999  |m A14824049510 
952 f f |p normal  |a Texas A&M University  |b College Station  |c Sterling C. Evans Library  |d Evans: Library Stacks  |t 0  |e TS173 .R43  |h Library of Congress classification  |i unmediated -- volume  |k 1987 c.2  |m A14810973464 
952 f f |p normal  |a Texas A&M University  |b College Station  |c Sterling C. Evans Library  |d Evans: Library Stacks  |t 0  |e TS173 .R43  |h Library of Congress classification  |i unmediated -- volume  |k 1986  |m A14809267711 
952 f f |p normal  |a Texas A&M University  |b College Station  |c Sterling C. Evans Library  |d Evans: Library Stacks  |t 0  |e TS173 .R43  |h Library of Congress classification  |i unmediated -- volume  |k 1980  |m A14807723614 
952 f f |p normal  |a Texas A&M University  |b College Station  |c Sterling C. Evans Library  |d Evans: Library Stacks  |t 0  |e TS173 .R43  |h Library of Congress classification  |i unmediated -- volume  |k 1992  |m A14815553691 
952 f f |p normal  |a Texas A&M University  |b College Station  |c Sterling C. Evans Library  |d Evans: Library Stacks  |t 0  |e TS173 .R43  |h Library of Congress classification  |i unmediated -- volume  |k 1989  |m A14811272900 
952 f f |p normal  |a Texas A&M University  |b College Station  |c Sterling C. Evans Library  |d Evans: Library Stacks  |t 0  |e TS173 .R43  |h Library of Congress classification  |i unmediated -- volume  |k 1974 c.2  |m A14813738172 
952 f f |p normal  |a Texas A&M University  |b College Station  |c Sterling C. Evans Library  |d Evans: Library Stacks  |t 0  |e TS173 .R43  |h Library of Congress classification  |i unmediated -- volume  |k 1996  |m A14819477554 
952 f f |p normal  |a Texas A&M University  |b College Station  |c Sterling C. Evans Library  |d Evans: Library Stacks  |t 0  |e TS173 .R43  |h Library of Congress classification  |i unmediated -- volume  |k 1979  |m A14807366496 
952 f f |p normal  |a Texas A&M University  |b College Station  |c Sterling C. Evans Library  |d Evans: Library Stacks  |t 0  |e TS173 .R43  |h Library of Congress classification  |i unmediated -- volume  |k 1995  |m A14818963219 
952 f f |p normal  |a Texas A&M University  |b College Station  |c Sterling C. Evans Library  |d Evans: Library Stacks  |t 0  |e TS173 .R43  |h Library of Congress classification  |i unmediated -- volume  |k 1973  |m A14806469178 
952 f f |p normal  |a Texas A&M University  |b College Station  |c Sterling C. Evans Library  |d Evans: Library Stacks  |t 0  |e TS173 .R43  |h Library of Congress classification  |i unmediated -- volume  |k 1994  |m A14818032694 
952 f f |p normal  |a Texas A&M University  |b College Station  |c Sterling C. Evans Library  |d Evans: Library Stacks  |t 0  |e TS173 .R43  |h Library of Congress classification  |i unmediated -- volume  |k 1978  |m A14807723672 
952 f f |p normal  |a Texas A&M University  |b College Station  |c Sterling C. Evans Library  |d Evans: Library Stacks  |t 0  |e TS173 .R43  |h Library of Congress classification  |i unmediated -- volume  |k 1998  |m A14822190789 
952 f f |p normal  |a Texas A&M University  |b College Station  |c Sterling C. Evans Library  |d Evans: Library Stacks  |t 0  |e TS173 .R43  |h Library of Congress classification  |i unmediated -- volume  |k 1972  |m A14806469160 
952 f f |p normal  |a Texas A&M University  |b College Station  |c Sterling C. Evans Library  |d Evans: Library Stacks  |t 0  |e TS173 .R43  |h Library of Congress classification  |i unmediated -- volume  |k 1977  |m A14806469194 
952 f f |p normal  |a Texas A&M University  |b College Station  |c Sterling C. Evans Library  |d Evans: Library Stacks  |t 0  |e TS173 .R43  |h Library of Congress classification  |i unmediated -- volume  |k 1997  |m A14820483631 
952 f f |p normal  |a Texas A&M University  |b College Station  |c Sterling C. Evans Library  |d Evans: Library Stacks  |t 0  |e TS173 .R43  |h Library of Congress classification  |i unmediated -- volume  |k 1982  |m A14807724165 
952 f f |p normal  |a Texas A&M University  |b College Station  |c Sterling C. Evans Library  |d Evans: Library Stacks  |t 0  |e TS173 .R43  |h Library of Congress classification  |i unmediated -- volume  |k 2001  |m A14827192223 
952 f f |p normal  |a Texas A&M University  |b College Station  |c Sterling C. Evans Library  |d Evans: Library Stacks  |t 0  |e TS173 .R43  |h Library of Congress classification  |i unmediated -- volume  |k 1993  |m A14816569653 
952 f f |p normal  |a Texas A&M University  |b College Station  |c Sterling C. Evans Library  |d Evans: Library Stacks  |t 0  |e TS173 .R43  |h Library of Congress classification  |i unmediated -- volume  |k 1983  |m A14807724220 
952 f f |p normal  |a Texas A&M University  |b College Station  |c Sterling C. Evans Library  |d Evans: Library Stacks  |t 0  |e TS173 .R43  |h Library of Congress classification  |i unmediated -- volume  |k 2003  |m A14829875982 
952 f f |p normal  |a Texas A&M University  |b College Station  |c Sterling C. Evans Library  |d Evans: Library Stacks  |t 0  |e TS173 .R43  |h Library of Congress classification  |i unmediated -- volume  |k 1985  |m A14808353810 
952 f f |p normal  |a Texas A&M University  |b College Station  |c Sterling C. Evans Library  |d Evans: Library Stacks  |t 0  |e TS173 .R43  |h Library of Congress classification  |i unmediated -- volume  |k 1977 c.2  |m A14806469209 
998 f f |a TS173 .R43  |s 1995  |t 0  |l Evans: Library Stacks 
998 f f |a TS173 .R43  |s 1991-2003  |t 0  |l Evans: Library Stacks